Environmental Science / (Record no. 87748)

MARC details
000 -LEADER
fixed length control field 00653nam a22001937a 4500
005 - DATE AND TIME OF LATEST TRANSACTION
control field 20140808162859.0
010 ## - LCCN (DPL NO)
LC control number B-506315-317
020 ## - INTERNATIONAL STANDARD BOOK NUMBER
International Standard Book Number 9789331318695
Terms of availability 1495.00
035 ## - SYSTEM CONTROL NUMBER
System control number B-506315-317
037 ## - SOURCE OF ACQUISITION
Stock number dpl
Source of stock number/acquisition KBD/Ven
082 ## - DEWEY DECIMAL CLASSIFICATION NUMBER
Classification number 363.7
100 ## - MAIN ENTRY--PERSONAL NAME
Personal name Kaul, S.N.
245 ## - TITLE STATEMENT
Title Environmental Science /
Statement of responsibility, etc by S.N.Kaul ...[et..al]
260 ## - PUBLICATION, DISTRIBUTION, ETC. (IMPRINT)
Place of publication, distribution, etc New Delhi
Name of publisher, distributor, etc APH Publishing Corporation
Date of publication, distribution, etc 2013
270 ## - ADDRESS
Address 4435-36/7, Ansari Road, Darya Ganj
City New Delhi
Postal code 110002
300 ## - PHYSICAL DESCRIPTION
Extent 424p.:
Other physical details ill.
Dimensions 20cm(Hb)
942 ## - ADDED ENTRY ELEMENTS (KOHA)
Source of classification or shelving scheme Dewey Decimal Classification
Item type English Books
Classification part 363.7
Call number suffix KAU
Holdings
Withdrawn status Lost status Not for loan Collection code Home library Current library Date acquired Source of acquisition Cost, normal purchase price Full call number Barcode Copy number Cost, replacement price Koha item type
      Non-fiction Central Library Central Library 08/08/2014 KBD/BL22/19.03.2013/171/19.03.2013/22.03.2013 1495.00 363.7 KAU B-506315 1 1495.00 English Books
      Non-fiction Janak Puri Janak Puri 08/08/2014 KBD/BL22/19.03.2013/171/19.03.2013/22.03.2013 1495.00 363.7 KAU B-506317 1 1495.00 English Books
      Non-fiction Patel Nagar Patel Nagar 08/08/2014 KBD/BL22/19.03.2013/171/19.03.2013/22.03.2013 1495.00 363.7 KAU B-506316 1 1495.00 English Books

© Delhi Public Library
Hit Counter
free hit counter